000 01078cab a2200301 4500
001 WB2839-39
008 090401t1992 xxu||||| |||| 00| 0 eng d
035 _a(Sirsi) u32797
041 _aeng
245 _aNightmare on the high street
260 _c1992
350 _a0
490 _aFinancial Times
_v6 October 1992, 26(2)
520 _aReports on the outcome of a CBI conference set up to air grievances between landlords and tenants on existing landlord and tenant law. Reform of the traditional 25-year lease with upwards-only review every five years, the ending of privity of contract and confidentiality clauses were among the issues discussed.
650 _a25-YEAR LEASES
650 _aCONFIDENTIALITY CLAUSES
650 _aINSTITUTIONAL INVESTORS
650 _aLEASE REFORM
650 _aLEASE TERMS
650 _aLEASES
650 _aPRIVITY OF CONTRACT
650 _aRENT REVIEWS
650 _aRETAIL PROPERTY
650 _aUPWARD ONLY RENT REVIEWS
690 _aLANDLORD AND TENANT-BUSINESS TENANCIES
942 _n0
948 _c04/03/1997
999 _c21920
_d21920